Statistics for What states voted for Donald Trump in the 2020 election?

Click here to take the quiz!

General Stats

  • This quiz has been taken 53 times
  • The average score is 24 of 25

Answers on the Map

Answers color-coded by a green-red scale on the quiz's map according to % correct below.
 

Answer Stats

State% Correct
Texas
100%
Louisiana
98%
Alabama
96%
Alaska
96%
Florida
96%
Montana
96%
Nebraska
96%
North Carolina
96%
North Dakota
96%
South Carolina
96%
South Dakota
96%
Utah
96%
Wyoming
96%
Arkansas
94%
Idaho
94%
Iowa
94%
Indiana
91%
Kansas
91%
Kentucky
91%
Mississippi
91%
Missouri
91%
Ohio
91%
Oklahoma
91%
Tennessee
91%
West Virginia
91%

Score Distribution

Percentile by Number Answered

Percent of People with Each Score

Your Score History

You have not taken this quiz